书目信息 |
| 题名: |
聚焦天安门
|
|
| 作者: | 张国星 , 何明 著 | |
| 分册: | ||
| 出版信息: | 北京 中共党史出版社 2006 |
|
| 页数: | 471页 | |
| 开本: | 25cm | |
| 丛书名: | ||
| 单 册: | ||
| 中图分类: | K270.6 | |
| 科图分类: | ||
| 主题词: | 报告文学--中国--现代 , 中国--现代史--1949~ , 历史事件 , 历史事件--中国--现代 | |
| 电子资源: | ||
| ISBN: | 7-80199-393-4 | |
| 000 | 01008nam0 2200277 450 | |
| 001 | 010040032160 | |
| 005 | 20061117101847.90 | |
| 010 | @a7-80199-393-4@dCNY48.00 | |
| 100 | @a20060316d2006 em y0chiy0110 ea | |
| 101 | 0 | @achi |
| 102 | @aCN@b110000 | |
| 105 | @aa z 000yy | |
| 200 | 1 | @a聚焦天安门@9ju jiao tian an men@e共和国开国岁月之难忘事件@f张国星,何明著 |
| 210 | @a北京@c中共党史出版社@d2006 | |
| 215 | @a471页@c照片@d25cm | |
| 330 | @a本书诠释共和同领袖们开国奠基、建立政权、恢复经济、打破封锁、整党整风、实现三大改造,建立社会主义制度。真实、客观地记录共和同领袖们初进红墙,建立巩固新中国的重大事件。 | |
| 517 | 1 | @a共和国开国岁月之难忘事件@9gong he guo kai guo sui yue zhi nan wang shi jian |
| 606 | 0 | @a报告文学@y中国@z现代 |
| 606 | 0 | @a中国@x现代史@z1949~ |
| 606 | 0 | @a历史事件 |
| 606 | 0 | @a历史事件@y中国@z现代 |
| 690 | @aK270.6@v4 | |
| 701 | 0 | @a张国星@9zhang guo xing@4著 |
| 701 | 0 | @a何明@9he ming@4著 |
| 801 | 0 | @aCN@bRENTIAN@c20061117 |
| 905 | @a10447@dK270.6@e35 | |
| 聚焦天安门:共和国开国岁月之难忘事件/张国星,何明著.-北京:中共党史出版社,2006 |
| 471页:照片;25cm |
| ISBN 7-80199-393-4:CNY48.00 |
| 本书诠释共和同领袖们开国奠基、建立政权、恢复经济、打破封锁、整党整风、实现三大改造,建立社会主义制度。真实、客观地记录共和同领袖们初进红墙,建立巩固新中国的重大事件。 |
| ● |
| 相关链接 |
|
|
|
|
正题名:聚焦天安门
索取号:K270.6/35
 
预约/预借
| 序号 | 登录号 | 条形码 | 馆藏地/架位号 | 状态 | 备注 |
| 1 | 0389603 | 203896034 | 第二样本阅览室/ [索取号:K270.6/35] | 在馆 | |
| 2 | 0389604 | 203896043 | 第二借阅区/ [索取号:K270.6/35] | 在馆 | |
| 3 | 0389605 | 203896052 | 第二借阅区/ [索取号:K270.6/35] | 在馆 | |
| 4 | 0389606 | 203896061 | 第二借阅区/ [索取号:K270.6/35] | 在馆 | |
| 5 | 0389607 | 203896070 | 第二借阅区/ [索取号:K270.6/35] | 在馆 |